| 000 | 00430nam a22001457a 4500 | ||
|---|---|---|---|
| 003 | OSt | ||
| 082 |
_a631.587 _bADI |
||
| 088 | _a580 | ||
| 100 |
_aADITHYA S _aALEENA .A.N.S _aSONA.K _aVISHNUPRIYA R _95496 |
||
| 245 | _aAN IOT BASED DRIP IRRIGATION SYSTEM FOR VERTICAL FARMING IN RAINSHELTER | ||
| 260 |
_aTAVANUR _bDEPARTMENT OF IRRIGATION AND DRAINAGE ENGINEERING _c2023 |
||
| 300 | _a72 | ||
| 700 | _aANU VARUGHESE | ||
| 942 | _cPR | ||
| 999 |
_c17718 _d17718 |
||